| 000 | 00447nam a22001937a 4500 | ||
|---|---|---|---|
| 003 | MPLRDC | ||
| 005 | 20220104143525.0 | ||
| 008 | 210129b ||||| |||| 00| 0 eng d | ||
| 020 | _a957-33-1669-2 | ||
| 082 | _a857.6 WDR-4 | ||
| 100 | _a吴淡如 | ||
| 245 |
_a被爱 _c |
||
| 250 | _a初版 | ||
| 260 |
_a _b皇冠出版社 _c1999 |
||
| 300 | _b平 | ||
| 490 | _a吴淡如作品. 14 | ||
| 650 | _a短篇小说 | ||
| 942 |
_cBK _o857.6 WDR-4 |
||
| 999 |
_c40749 _d40739 |
||